|
|
|
|
| LEADER |
00720nam a22002171a 4500 |
| 001 |
000716913 |
| 003 |
CZ BrMZK |
| 005 |
20130620152107.0 |
| 007 |
ta |
| 008 |
040519s1929 xxu e 000 0 eng d |
| 040 |
|
|
|a BOA001
|b cze
|c BOA001
|
| 100 |
1 |
|
|a Berkeley, George,
|d 1685-1753
|7 jn19990000720
|4 aut
|
| 245 |
1 |
0 |
|a Essay, principles, dialogues :
|b with selections from other writings /
|c Georges Berkeley ; edited by Mary Whiton Calkins
|
| 260 |
|
|
|a New York :
|b Charles Scribner's Sons,
|c 1929
|
| 300 |
|
|
|a lv, 480 s.
|
| 490 |
1 |
|
|a The modern student's library
|
| 700 |
1 |
|
|a Calkins, Mary Whiton,
|d 1863-1930
|7 kup20030000013232
|4 edt
|
| 830 |
|
0 |
|a Modern student's library
|
| 910 |
|
|
|a BOA001
|b 1-0200.014
|
| 990 |
|
|
|a BK
|
| 993 |
|
|
|a Y
|